Normal view
MARC view
- Paranjpye, Vijay
Entry Personal Name
001 - CONTROL NUMBER
- control field: 7694
003 - CONTROL NUMBER IDENTIFIER
- control field: OSt
005 - DATE AND TIME OF LATEST TRANSACTION
- control field: 20250806161935.0
008 - FIXED-LENGTH DATA ELEMENTS
- fixed length control field: 250806|| aca||aabn | a|a d
040 ## - CATALOGING SOURCE
- Original cataloging agency: OSt
- Transcribing agency: OSt
100 ## - HEADING--PERSONAL NAME
- Personal name: Paranjpye, Vijay
670 ## - SOURCE DATA FOUND
- Source citation: Work cat.: (OSt)13284: Chakravarty, Kalyan Kumar . 7692, Traditional water management systems of India / , 2006.
